Bayern Munich all-time top scorers - Statistics

General Stats
  • This quiz has been taken 121 times
  • The average score is 5 of 10
Answer Stats
Goals Nationality Player % Correct
344 Poland Robert Lewandowski
100%
565 Germany Gerd Müller
99%
250 Germany Thomas Müller
98%
144 Netherlands Arjen Robben
82%
217 Germany Karl-Heinz Rummenigge
54%
139 Brazil Giovane Élber
49%
145 Germany Dieter Hoeneß
33%
215 Germany Rainer Ohlhauser
8%
155 Germany Roland Wohlfarth
8%
132 Germany Dieter Brenninger
6%
No matching quizzes found
Score Distribution
Percent of People with Each Score
Percentile by Number Answered
Your Score History
You have not taken this quiz